|
|
|
|
| LEADER |
01084nam a2200265 a 4500 |
| 001 |
00026355 |
| 008 |
121224s2011 ii b 000 0 eng d |
| 020 |
|
|
|a 9788125040903
|
| 040 |
|
|
|a BD-DhAAL
|c BD-DhAAL
|
| 082 |
0 |
0 |
|a 823.5
|2 22
|
| 100 |
1 |
|
|a Defoe,Daniel.
|
| 245 |
1 |
0 |
|a Robinson Crusoe /
|c Daniel Defoe, edited by Pramod K. Nayar.
|
| 250 |
|
|
|a Critical ed.
|
| 260 |
|
|
|a Hyderabad :
|b The English and Foreign Languages University ;
|b Orient BlackSwan,
|c 2011
|
| 300 |
|
|
|a iv, 319, :
|c 23 cm.
|
| 490 |
|
|
|a Critical Edition.
|
| 504 |
|
|
|a Includes bibliographical references (p. [318]-319).
|
| 541 |
|
|
|e 00026355
|
| 650 |
|
0 |
|a Crusoe, Robinson (Fictitious character)
|v Fiction
|
| 650 |
|
0 |
|a Shipwreck survival
|v Fiction
|
| 650 |
|
0 |
|a Castaways
|v Fiction
|
| 700 |
1 |
|
|a Nayar, Pramod K.
|
| 852 |
1 |
|
|a Ayesha Abed Library
|j General shelf
|
| 999 |
|
|
|c 13072
|d 13072
|
| 952 |
|
|
|0 0
|1 0
|2 ddc
|4 0
|6 823_500000000000000_DEF
|7 0
|9 21731
|a BRACUL
|b BRACUL
|c GEN
|d 2012-12-24
|e ENH
|l 2
|m 14
|o 823.5 DEF
|p 3010026355
|r 2024-05-14
|s 2024-01-22
|t 1
|w 2012-12-24
|y BK
|x Transferred from ENH to Ayesha Abed library on 20/12/2023
|